000 00419nam a2200181Ia 4500
001 10293
005 20260306161821.0
008 260306t1958||||xx |||||||||||||| ||spa||
041 _aESP
082 _a917.3
_bM26R
100 _aMaritain, Jacques
_eAUT
245 0 _aReflections on América
260 _c1958
300 _a119 páginas :
_c18 cm.
650 _aGEN
654 _aCHU
942 _cLIB
_dJUS
_fJUS
_2ddc
_n
999 _c10293
_d10293